000 00299nam a22001337a 4500
008 181102b xxu||||| |||| 00| 0 eng d
020 _a0064635619
041 _aeng
080 _a159.9
100 _a49
101 _aPSI
245 _aIdeas of the Great Psychologists
_cSmith,S
942 _2udc
_cBK
999 _c51688
_d51688